MARC

LEADER 00000nam0a2200000 4500
001 278227
005 20231101235107.0
020 |a RU  |b 86-34517 
035 |a (RuTPU)RU\TPU\book\301504 
090 |a 278227 
100 |a 20141209d1986 k y0rusy5003 ca 
101 0 |a rus 
102 |a RU 
105 |a a z 001zy 
200 1 |a Промышленная чистота и тонкая фильтрация рабочих жидкостей летательных аппаратов  |f Р. Г. Тимиркеев, В. М. Сапожников 
210 |a Москва  |c Машиностроение  |d 1986 
215 |a 152 с.  |c ил. 
320 |a Библиогр.: с. 150 (19 назв.) 
606 1 |a Летательные аппараты  |2 stltpush  |3 (RuTPU)RU\TPU\subj\40078  |9 59935 
610 1 |a авиационные жидкости 
610 1 |a авиационное топливо 
610 1 |a фильтры 
610 1 |a загрязнение 
610 1 |a промышленная чистота 
610 1 |a рабочие жидкости 
610 1 |a гидравлические системы 
610 1 |a топливные системы 
610 1 |a промывка 
610 1 |a эксплуатация 
675 |a 629.73.06  |z rus  |v 4 
700 1 |a Тимиркеев  |b Р. Г.  |g Ренад Гарифович  |4 070 
701 1 |a Сапожников  |b В. М.  |g Валентин Михайлович  |4 070 
801 0 |a RU  |b RuMRKP  |c 19950704  |g psbo 
801 1 |a RU  |b 63413507  |c 20141209 
801 2 |a RU  |b 63413507  |c 20171227  |g RCR 
942 |c BK